Wilhelm Tell - Schiller - Statistiken

Allgemein
  • Dieses Quiz wurde 478 mal gespielt
  • Das Durchschnittsergebnis liegt bei 8 aus 15
Antwortstatistiken
Frage Antwort % Korrekt
In welchem heutigen Land spielt das Werk? Schweiz
97%
Welche Art von Literatur ist Wilhelm Tell? Drama
86%
Nenne einen der drei Kantone, die Haupthandlungsorte sind? Schwyz/Unterwalden/Uri
86%
Ein Rächer muss über den See flüchten. Wer fährt ihn? Wilhelm Tell
71%
Was ist es, das auf Walters Kopf liegt und Tell treffen soll? ein {Apfel}
65%
Was wird auf einen Stab gesteckt, auf dass sich die Leute vor ihm verbeugen? ein {Hut}
60%
Wie heißt der Reichsvogt? Hermann Geßler
60%
Wo wurde der (die Alte Eidgenossenschaft begründende) Schwur geleistet? im {Rütli}
54%
Um welchen See liegen diese Kantone? Vierwaldstättersee
52%
Stauffachers Frau hat die Idee für den Bund. Wie heißt sie? {Gertrud} Stauffacher
40%
Wie heißt der Sohn des beraubten und geblendeten Bauern? Arnold von Melchtal
23%
Wie heißt die Burg, die errichtet wird, das Volk zu bändigen. Zwing-Uri
21%
Wo ermordet Tell den Reichsvogt? Küssnacht
20%
Wer tötet Herzog Rudolf II.? Johann Parricida
13%
Was sagt Attinghauser vor seinem Tod? Seid einig – einig – einig
8%
Keine übereinstimmenden Quizze gefunden
Verteilung der Resultate
Anzahl Personen mit jedem Resultat
Perzentil nach korrekt beantworteten Fragen
Ihre Resultats-Entwicklung
Sie haben dieses Quiz noch nicht gespielt